Návrh a realizácia riadenia s vizualizáciou pre modulovú stanicu systému MPS-500

Gespeichert in:
Bibliographische Detailangaben
1. Verfasser: Chovanec, Tomáš (Verfasst von)
Weitere Verfasser: Bezák, Tomáš (Betreuung Doktorarbeit)
Format: Manuskript Buch
Sprache:Slowakisch
Veröffentlicht: 2017
Schlagworte:
Online-Zugang:http://is.stuba.sk/zp/portal_zp.pl?podrobnosti=118298
Tags: Tag hinzufügen
Keine Tags, Fügen Sie das erste Tag hinzu!

MARC

LEADER 00000ntm a22000003a 4500
001 stuzp60858
003 SK-STU
005 20170610210331.6
007 ta
008 150427s2015----xo-----f-mn---000-0-slo-d
040 |a STU  |b slo 
041 0 |a slo 
100 1 |a Chovanec, Tomáš  |u 066000  |k Z4  |4 aut  |U MTF Materiálovotechnologická fakulta  |T MTF Ústav aplikovanej informatiky, automatizácie a mechatroniky  |X 6577  |U M6000  |Y 86  |7 A000006577 
242 0 1 |a Design and implementation of control system with visualisation for modular station of MPS–500 system  |y eng 
245 1 0 |a Návrh a realizácia riadenia s vizualizáciou pre modulovú stanicu systému MPS-500 
260 |c 2017 
650 4 |a Triediaca stanica  |2 slo 
650 4 |a PLC  |2 slo 
650 4 |a HMI  |2 slo 
650 4 |a Sorting station  |2 eng 
650 4 |a HMI  |2 eng 
650 4 |a PLC  |2 eng 
700 1 |a Bezák, Tomáš  |u 066000  |k Z1  |4 ths  |U MTF Materiálovotechnologická fakulta  |T MTF Ústav aplikovanej informatiky, automatizácie a mechatroniky  |X 4614  |U M6000  |Y 86  |7 A000004614 
856 4 |u http://is.stuba.sk/zp/portal_zp.pl?podrobnosti=118298 
996 |c M* DP-13330  |l MMSKP  |s P  |a 0  |w stuzp60858_0001